1526 1679 1401 1730 1475 1833 1352 1193 1224 1120 1955 1086 1163 1011 1135 1178 1271 1152 1430 1454 1486 1919 1385 1208 1961 1254 1711 1071 1038 1127 1079 1835 1163 1023 1870 1498 1766 1192 1529 1759 1729 1404 1354 1314 1559 1566 1748 1990 1388 1505 1492 1613 1420 1407 1205 1439 1180 1374 1318 1928 1129 1516 1895 1789 1518 1541 1296 1266 1959 1666 1840 1098 1948 1555 1160 1143 1977 1166 1163 1154 1248 1691 1849 1261 1631 1971 1031 1491 1541 1245 1528 1992 1046 1376 1113 1891 1225 1907 1539 BCNSPRNW ULIB Ver.6.0+V

เปลี่ยนเป็นภาษาไทย

Change to English
 แสดงรายละเอียดบรรณานุกรม
  กลับหน้าหลัก

Brief Record : Get Marc (ISO 2709) : E-mail record : QR code < ปิดหน้าต่าง
LEADER : 00000nam 2200000uu 4500
001    13399112139
003     ULIB
008    110627s2546||||th 000 0 tha d
020    9789744729996
090    นว.^bอ164ก 2546
245 00 เก็บหัวใจไว้ใกล้รัก/^c
250    พิมพ์ครั้งที่ 3
260    กรุงเทพฯ :^bนามมีบุ๊คส์พับลิเคชั่นส์,^c2546
300    208 หน้า
710 1  นามมีบุ๊คส์พับลิเคชั่นส์
945    ^p125^l0^i020516
995    ทศพร
999 ^a ใช้งานได้ทุกระบบ
รายการนี้ยังไม่มีแท็ก
คุณยังไม่ได้ล็อกอิน คุณสามารถมีกิจกรรมร่วมกับเว็บไซต์ได้ แต่ต้องล็อกอินก่อน ::
  ล็อกอิน

รายการสื่อสารสนเทศ

ลำดับที่ ประเภท เลขเรียก/บาร์โค้ด สถานที่ สถานะ
- ไม่พบข้อมูล -

BibComment


ยังไม่เคยถูกคอมเมนท์

คอมเมนท์ทรัพยากรรายการนี้
  คอมเมนท์: เก็บหัวใจไว้ใกล้ร..


 Copyright 2026. Bcnsprnw @Library